000 00268nam a2200121Ia 4500
008 190216s9999||||xx |||||||||||||| ||und||
100 _aFrancis Cherunilam
245 0 _aIndustrial Finance
260 _bNull
_c1987
300 _a215p
650 _aCommerce
942 _cBK
999 _c5381
_d5381